Creative management
This book introduce about embarking on a dignified management style, humanity revived. Victory of the "republic" system, creative organization. The new world of management.
Enregistré dans:
| Auteur principal: | |
|---|---|
| Format: | Livre |
| Langue: | Undetermined |
| Publié: |
Tokyo
American management asociation
1966
|
| Sujets: | |
| Tags: |
Ajouter un tag
Pas de tags, Soyez le premier à ajouter un tag!
|
| Thư viện lưu trữ: | Trung tâm Học liệu Trường Đại học Cần Thơ |
|---|
| LEADER | 00674nam a2200193Ia 4500 | ||
|---|---|---|---|
| 001 | CTU_228847 | ||
| 008 | 210402s9999 xx 000 0 und d | ||
| 082 | |a 658.4 | ||
| 082 | |b K75 | ||
| 100 | |a Kobayashi, Shigeru | ||
| 245 | 0 | |a Creative management | |
| 245 | 0 | |c Shigeru Kobayashi | |
| 260 | |a Tokyo | ||
| 260 | |b American management asociation | ||
| 260 | |c 1966 | ||
| 520 | |a This book introduce about embarking on a dignified management style, humanity revived. Victory of the "republic" system, creative organization. The new world of management. | ||
| 650 | |a Quản trị,Management | ||
| 910 | |b dqhieu | ||
| 980 | |a Trung tâm Học liệu Trường Đại học Cần Thơ | ||